Máquinas eléctricas, transformadores y controles

Salvato in:
Dettagli Bibliografici
Autore principale: Gingrich, Harold W (Autore)
Natura: Libro
Lingua:spagnolo
Pubblicazione: Madrid Dossat 1980
Soggetti:
Tags: Aggiungi Tag
Nessun Tag, puoi essere il primo ad aggiungerne!!

MARC

LEADER 00000nam a2200000 a 4500
001 UCU5398
003 CL-VaPUC
008 960531e19800000SP |||||||||||||||||spa|d
082 0 4 |a 621.314  |b GIN  |2 21 
100 0 |a Gingrich, Harold W  |e author  |9 363378 
245 1 0 |a Máquinas eléctricas, transformadores y controles 
300 |a 365 p 
942 |c BK 
945 |d 19960531 00:00:00  |a paguirre 
260 |a Madrid  |b Dossat  |c 1980 
650 0 |a Motores eléctricos   |9 260085 
650 0 |a Transformadores  |9 345471 
650 0 |a Circuitos eléctricos   |9 260262 
650 0 |a Electromagnetismo   |9 260123 
650 7 |a CAMPOS MAGNETICOS  |2 CL-VaPUC  |9 363379 
650 7 |a POTENCIA  |2 CL-VaPUC  |9 363380 
650 7 |a MOTORES DE CORRIENTE CONTINUA  |2 CL-VaPUC  |9 363064 
650 0 |a Conductores eléctricos  |9 263132 
583 |a last modification  |c 19960531 00:00:00  |k Rodrigo Vera 
999 |c 248774  |d 248772